00809nam a2200217 i 450000100060000000300090000600500170001500700030003200800410003511000970007624500450017326000490021830000210026749000200028865100560030871000380036483000280040285200220043099900170045295201220046964654ES-MaACL20230906165200.0t|031230s1962 sp ||||1| spa d2 aMovimiento Nacional (España). bDelegación Nacional de Prensa, Propaganda y Radio.9578313aLa forja del futuro, batallas de la paz. aMadrid : bEdiciones del Movimiento, c1962. a77 p. ; c21 cm.1 aNuevo horizonte 4aEspaña-xHistoria-y1939-1975, Dictadura.91679282 aEdiciones del Movimiento.91718001 aNuevo horizonte9181183 aES-MaACLjC-24182 c64654d64654 00104070aATENEOMbATENEOMcDEPO2d2008-01-17eSCl0oC-24182p1067747r2023-02-23 00:00:00w2023-02-23yMONOGRAFIA